Countries with PDO protected products - Statistics

General Stats
  • This quiz has been taken 12 times
  • The average score is 21 of 22
Answer Stats
Answer % Correct
Austria
100%
Belgium
100%
Bulgaria
100%
Denmark
100%
France
100%
Germany
100%
Greece
100%
Italy
100%
Malta
100%
Netherlands
100%
Spain
100%
Sweden
100%
Finland
92%
Luxembourg
92%
Poland
92%
Portugal
92%
Romania
92%
United Kingdom
92%
Ireland
83%
Latvia
83%
Slovakia
83%
Cyprus
75%
No matching quizzes found
Score Distribution
Percent of People with Each Score
Percentile by Number Answered
Your Score History
You have not taken this quiz